| 000 | 00580nam a2200181Ia 4500 | ||
|---|---|---|---|
| 005 | 20250508150255.0 | ||
| 008 | 008 250505s9999 xx 000 0 eng d | ||
| 037 | _aTextual | ||
| 040 |
_aFEDL _beng _cFEDL |
||
| 041 |
_aeng _2eng |
||
| 084 |
_a371.422, ISA _qFEDL |
||
| 100 | _aIsaacs Susan | ||
| 245 | 0 | _aEducational guidance of the school child : Suggestions on child study and guidance embodying a scheme of pupils' records | |
| 260 |
_aLondon, UK _bEvans Brothers Limited |
||
| 300 | _a122p | ||
| 942 |
_cTEXL _h371.422, ISA |
||
| 999 |
_c1322774 _d1322774 |
||